Bienvenue à la Médiathèque de Saint-Andiol
banniere
Accueil Recherche avancée Mon compte
handi1 Rechercher dans le catalogue

Filtre   Mots-clés
  Recherche avancée
 
Lister les dernières nouveautés
 
Lister les livres GROS CARACTERES
 
Lister les périodiques (magazines)

handi1 Dix jours sans écrans

<< Retourner aux résultats de la recherche
Book Cover
Auteur principal : Sophie Rigal-Goulard
Autres auteurs : Frédérique Vayssières
Titre : Dix jours sans écrans
Support : Livres
Langue : Francais
Publié : 2015 Rageot Paris
Genre : Roman (enfants)
Sujets :
Étiquettes :
Pas de tags
LEADER 01028nam0a2200205 450
001 16867987
010 |a 978-2-7002-4770-1  |b br.  |d 9,5 € 
100 |a 20151113d2015 u u0frey01 ba 
101 0 |a fre 
102 |a FR 
200 0 |a Dix jours sans écrans  |f Sophie Rigal-Goulard  |g illustrations Frédérique Vayssières 
207 1 |a   
210 |a Paris  |c Rageot  |d 2015 
215 |a 152 p.  |c illustrations en noir et blanc  |d 21 cm 
330 |a La maîtresse de Louis et Paloma propose à la classe un challenge : passer dix jours sans écran. Paloma accepte de relever le défi. Louis s'y oppose et crée même le club des anti-défi. Mais les deux héros découvrent leurs points communs dans les ateliers créés pour résister à l'attraction des écrans. Electre 2015 
700 0 |a Rigal-Goulard  |b Sophie  |f 1967-....  |4 70 
702 0 |a Vayssières  |b Frédérique  |f 1961-....  |4 440 
900 |a Roman (enfants) 
901 |a Jeunesse 
995 |a Médiathèque  |c Médiathèque  |f 00156008766768  |h 00156008766768  |k E RIG  |o p  |q j  |r az  |e Médiathèque